Interkulturální management lidé, kultura a management

Salvato in:
Dettagli Bibliografici
Autore principale: Nový, Ivan
Natura: Libro
Lingua:ceco
Pubblicazione: Praha Grada 1996
Edizione:1. vyd.
Soggetti:
Tags: Aggiungi Tag
Nessun Tag, puoi essere il primo ad aggiungerne!!

MARC

LEADER 00000nam a2200000 4500
001 c016749
005 20230228105004.1
020 |a 80-7169-260-3 
041 0 |a cze 
044 |a CZ 
245 1 0 |a Interkulturální management  |b lidé, kultura a management  |c Ivan Nový a kol. 
250 |a 1. vyd. 
264 1 |a Praha  |b Grada  |c 1996 
300 |a 143 s. 
610 2 0 |a manažment 
610 2 0 |a kultúra podniková 
610 2 0 |a kultúra 
610 2 0 |a práca riadiaca 
100 1 |a Nový, Ivan